000 00559nam a2200169Ia 4500
999 _c20808
_d20808
003 OSt
005 20200629143406.0
008 190216s9999||||xx |||||||||||||| ||und||
020 _a8121500796
040 _coclc
082 _a934.0072054
_bCHA/H
100 _aChakrabarti, Dilip K
_92535
245 0 _aA History Of Indian Archaeology From The Beginning To 1947 /
_cDilip K Chakrabarti
260 _bMunshiram Manoharlal Pub Pvt Ltd,
_c2001.
_aNew Delhi:
300 _a262p
942 _cBK
_2ddc
_h934.0072054
_iCHA/H
_k934.0072054
_mCHA/H